[Event "Club Argentino-Ruibal"]
[Site "?"]
[Date "2008.09.29"]
[Round "1"]
[White "Contin, Daniel"]
[Black "Garcia Palermo, Carlos"]
[Result "0-1"]
[WhiteElo "2304"]
[BlackElo "2456"]
[Annotator "L. Scalise"]
[PlyCount "94"]
[EventDate "2008.09.29"]
[SourceDate "2008.09.29"]

1. c4 e6 2. Nf3 d5 3. g3 Nf6 4. Bg2 Be7 5. O-O O-O 6. b3 b6 7. e3 Bb7 8. Bb2 c5
9. Qe2 Nc6 10. Rd1 dxc4 11. bxc4 Rc8 12. Nc3 Na5 13. d3 Ne8 14. Rab1 Bf6 15.
Ba1 Bxf3 16. Bxf3 Nd6 17. Bg2 g6 18. g4 Bg7 19. f4 Qh4 20. Rf1 h6 21. Bf3 Rfd8
22. Qg2 Rd7 23. Rbd1 Rcd8 24. Be2 Ndxc4 25. dxc4 Rxd1 26. Bxd1 Nxc4 27. Qf2 Qh3
28. Qf3 Qxf3 29. Bxf3 Nd2 30. Rf2 Nxf3+ 31. Rxf3 Rd3 32. Nb5 Bxa1 33. Nxa7 Bd4
34. Kf2 Ra3 35. Nc8 Rxa2+ 36. Kg3 Bc3 37. Nxb6 Ba5 38. Nc4 Be1+ 39. Kh3 Rc2 40.
Nd6 c4 41. e4 c3 42. e5 Rf2 43. Rd3 c2 44. Ne4 c1=Q 45. Nf6+ Kg7 46. Ne8+ Kf8
47. Nf6 Rxh2+ 0-1